000 00503cam a2200205 4500
001 D8747
008 090401t1981 xxu||||| |||| 00| 0 eng d
035 _a(Sirsi) u94707
041 _aeng
050 _a690.24
100 _aSkinner, N.P.
245 _aMaintenance feedback
260 _aAscot, Berks
_bChartered Institute of Building
_c1981
300 _a9p. 30cm
350 _a0
490 _aMaintenance Information Service
_v18
700 _aKroll, M.E.
942 _n0
948 _c04/03/1997
999 _c98136
_d98136